书目信息 |
| 题名: |
炸药理论
|
|
| 作者: | 《炸药理论》编写组编 | |
| 分册: | ||
| 出版信息: | 北京 国防工业出版社 1982 |
|
| 页数: | 291页 | |
| 开本: | 25cm | |
| 丛书名: | ||
| 单 册: | ||
| 中图分类: | TQ560.1 | |
| 科图分类: | ||
| 主题词: | 炸药--理论 | |
| 电子资源: | ||
| ISBN: | ||
| 000 | 00541nam0 2200217 45 | |
| 001 | 0182006823 | |
| 005 | 20060727091235.57 | |
| 010 | @dCNY1.95 | |
| 091 | @a15034.2287 | |
| 100 | @a19950706d1982 em y0chiy0121 ea | |
| 101 | 0 | @achi |
| 102 | @aCN@b110000 | |
| 105 | @ay z 000yy | |
| 200 | 10 | @a炸药理论@Azha yao li lun@f《炸药理论》编写组编 |
| 210 | @a北京@c国防工业出版社@d1982 | |
| 215 | @a291页@d25cm | |
| 606 | @a炸药@x理论 | |
| 690 | @aTQ560.1@v3 | |
| 801 | 2 | @aCN@bNLC@c20060727 |
| 801 | 0 | @aCN@bTSSF |
| 905 | @a10447@dTQ560.1@e9 | |
| 炸药理论/《炸药理论》编写组编.-北京:国防工业出版社,1982 |
| 291页;25cm |
| ISBN :CNY1.95 |
| ● |
| 相关链接 |
|
|
|
|
正题名:炸药理论
索取号:TQ560.1/9
 
预约/预借
| 序号 | 登录号 | 条形码 | 馆藏地/架位号 | 状态 | 备注 |
| 1 | 0438707 | 204387074 | 密集书库/ [索取号:TQ560.1/9] | 在馆 | |
| 2 | 0438712 | 204387127 | 密集书库/ [索取号:TQ560.1/9] | 在馆 | |
| 3 | 0438713 | 204387136 | 密集书库/ [索取号:TQ560.1/9] | 在馆 |